| 000 | 00419nam a2200193Ia 4500 | ||
|---|---|---|---|
| 001 | 11619 | ||
| 003 | GE_BSU | ||
| 008 | 181216s||||||||xx |||||||||||||| ||und|| | ||
| 040 | _cGE_BSU | ||
| 080 | _a821.111-312 | ||
| 100 | _aBonner,Hilary. | ||
| 245 | 2 | _aA kind of wild justice. | |
| 260 | _aLondon | ||
| 260 | _bBCA. | ||
| 260 | _c2001. | ||
| 300 | _a341p;21cm. | ||
| 653 | _aA kind of wild justice. | ||
| 942 | _cBK | ||
| 999 |
_c44814 _d44814 |
||